000 00301nam a22001337a 4500
008 170811b xxu||||| |||| 00| 0 eng d
020 _a9780495484936
041 _aeng
080 _a51
100 _a36
101 _aMAT
245 _aTECHNICAL MATHEMATICS : MATH 135
_cSTASZKOW,R
942 _2udc
_cBK
999 _c23253
_d23253